00601cam a2200193 a 4500001001000000003000400010005001700014008004100031020001500072040002500087082001900112100002600131245006800157260008000225300002100305650002500326650002700351700002900378000004930OSt20200929151534.0010817s2000 ec 000 p spa  a9978621792 aDO-SdBNPbspacBNPHU aEc861.6bM385a1 aMartínez V., Diego.10aA aquí y ahora /cDiego Martinez V. y Mateo Villalba Andrade. aQuito, Ecuador :bCasa de la Cultura Ecuatoriana "Benjamin Carrion",c2000. a127 p. ;c21 cm. 4aPoesía ecuatoriana 4aLiteratura ecuatoriana12aVillalba Andrade, Mateo.